Pays d'Europe sur une carte à l'envers - Carte Quiz - Statistiques

Statistiques générales
  • Ce quiz a été pris 797 fois
  • Le résultat moyen est 37 sur 45
Réponses sur la Carte
Les réponses sont colorées sur une échelle allant du rouge au vert en fonction du pourcentage des utilisateurs qui les ont devinées à leur premier essai. Vous pouvez retrouver ces pourcentages ci-dessous.
 
Statistiques - réponses
Réponse % Correct
France
92%
Italie
90%
Portugal
90%
Allemagne
89%
Belgique
89%
Espagne
89%
Irlande
88%
Islande
88%
Royaume-Uni
88%
Russie
88%
Andorre
87%
Danemark
87%
Grèce
87%
Luxembourg
87%
Pays-Bas
87%
Pologne
87%
Suisse
87%
Monaco
86%
Ukraine
86%
Finlande
85%
Liechtenstein
85%
Suède
85%
Biélorussie
84%
Croatie
84%
Vatican
84%
Autriche
83%
Malte
83%
Norvège
83%
Estonie
82%
Saint-Marin
82%
Roumanie
81%
Lettonie
80%
Lituanie
79%
République tchèque
78%
Albanie
77%
Bulgarie
76%
Moldavie
76%
Hongrie
75%
Bosnie-Herzégovine
74%
Kosovo
74%
Macédoine du Nord
72%
Monténégro
72%
Serbie
72%
Slovénie
72%
Slovaquie
71%
Aucun quiz correspondant
Distribution des résultats
% des personnes avec chaque résultat
Percentile par nombre de réponses
Votre historique - résultats
Vous n’avez pas pris ce quiz